| 000 | 00000nas##2200000za#4500 |
|---|---|
| 001 | 9.507259 |
| 003 | CaOODSP |
| 005 | 20210908130039 |
| 007 | cr ||||||||||| |
| 008 | 150406c2000||||xxc|| p o||||f| |0eng|d |
| 040 | |aCaOODSP|beng |
| 043 | |an-cn--- |
| 086 | 1 |aPS61-22E-PDF |
| 110 | 2 |aRoyal Canadian Mounted Police. |
| 245 | 10|aEnvironmental scan |h[electronic resource] |
| 260 | |aOttawa - Ontario : |bRoyal Canadian Mounted Police |
| 310 | |aAnnual |
| 362 | 1 |a[2000]-[20--?]-- |
| 690 | 07|aEnvironment|2gcpds |
| 775 | 08|tAnalyse de l'environnement |w(CaOODSP)9.503648 |